| 000 | 00528pam a2200181Ia 4500 | ||
|---|---|---|---|
| 020 | _a0471463337 (CLOTH) | ||
| 040 | _cDLC | ||
| 082 | _a347 JOH 2004 A011 Or. | ||
| 100 | 1 | _aFelder, Raoul Lionel, | |
| 245 | 1 | 0 |
_aBare knuckle negotiation : _bsavvy tips and true stories from the master of give-and-take / |
| 260 |
_aHoboken, N.J. : _bJohn Wiley & Sons, _cc2004 |
||
| 300 |
_axvi, 239 p. ; _c24 cm |
||
| 650 | 0 | _aPublic prosecutors | |
| 650 | 0 | _aLawyers | |
| 650 | 0 | _aCompromise (Law) | |
| 650 | 0 | _aNegotiation | |
| 942 | _cEK | ||
| 999 |
_c13330 _d13330 |
||